MARC

LEADER 00000nam a22000007a 4500
005 20190916213053.0
007 cr ||| ||||
008 190916c20169999co fr|w s|||| 0|||b1spa d
035 |a 22084 
040 |a vLex 
090 |c 9533  |d 9533 
245 0 0 |a Mundo Jurd̕ico UDLA  |h [Recurso electrn̤ico] / 
256 |a Servicio en ln̕ea 
260 |a Bogot:̀  |b Universidad de la Amazona̕,  |c 2016 
300 |a 1 recurso electrn̤ico 
310 |a Semestral 
506 1 |a Disponible solo en los productos indicados  |d vLex Global  |d vLex Global (Academic Edition, excluding Law Schools)  |d vLex Global (U.S. Academic Edition, Law Schools)  |d vLex Global (U.S. Academic Edition, excluding Law Schools)  |d vLex Global (Academic Edition, Law Schools) 
650 0 4 |a Derecho Civil  |z Colombia 
650 0 4 |a Derecho Mercantil y de la Empresa  |z Colombia 
650 0 4 |a Derecho Laboral y Seguridad Social  |z Colombia 
650 0 4 |a Derecho Penal  |z Colombia 
650 0 4 |a Derecho Fiscal  |z Colombia 
650 0 4 |a Derecho Pb︢lico y Administrativo  |z Colombia 
650 0 4 |a Derecho del Medio Ambiente  |z Colombia 
650 0 4 |a Derecho Constitucional  |z Colombia 
740 0 |a vLex Revistas (Servicio en ln̕ea) 
856 4 0 |u http://vlex.com/source/mundo-juridico-udla-22084  |z Acceso restringido 
942 |c REV 
999 0 |a Civil Law 
999 0 |a Commercial and Business Law 
999 0 |a Labor Law and Social Security 
999 0 |a Criminal Law 
999 0 |a Tax Law 
999 0 |a Public and Administrative Law 
999 0 |a Environmental Law 
999 0 |a Constitutional Law